000 00640nam a2200193 a 4500
001 000036902
005 20200930080017.0
008 120203s1981 mx 000 0 spa d
020 _82308380
040 _aDO-SdBNP
_bspa
_cBNPHU
100 1 _aFirth, Raymond William,
_d1901-
_963292
240 1 2 _aMan and culture, an evaluation of the work of bronislaw malinownski
_lespañol
245 1 0 _aHombre y cultura :
_bLa obra de Bronislaw Malinowski /
_cR. Firth ... [et al.].
250 _a2a ed.
260 _aMéxico :
_bSiglo XXI,
_c1981.
300 _aviii, 339 p. ;
_c21 cm.
504 _aBibliografía : p. 339
500 _aIncluye índice
999 _c36392
_d36392